000 01204nam a2200337Ic 4500
001 59865
003 CO-BoRNBP
005 20251107210830.0
007 ta
008 210901s2014 sp ao er 001 0 spa d
020 _a9788466227384
040 _aCO-BoRNBP
_bspa
_erda
_cCO-BoRNBP
041 1 _aspa
_heng
082 0 4 _a646.2
_bW66t
_222
100 _aWood, Dorothy
_d1955-
_eaut
_966956
245 1 0 _aTécnicas de costura :
_bguía completa paso a paso /
_cDorothy Wood ; traducción Marina Ruíz Fernández.
250 _a1a. edición
264 1 _aMadird, España :
_bLibsa,
_c2014
300 _a248 páginas :
_bilustraciones, fotografías a color
336 _atexto
_btxt
_2rdacontent
337 _asin mediación
_bn
_2rdamedia
338 _avolumen
_bnc
_2rdacarrier
500 _aIncluye índice y plantillas al final del texto
521 _aRecomendado para un público adulto
534 _tSewing techniques
650 0 7 _aCorte y confección
_vManuales, vademécum, etc
_2lemb
_966950
650 0 7 _aCostura
_vManuales, vademécum, etc
_2LEMB
_966951
650 0 7 _aLabores de aguja
_vManuales, vademécum, etc
_2LEMB
_966957
700 _aRuiz Fernández, Marina
_etrl
_966958
942 _2ddc
_cBK
999 _c59865
_d59865